|
|
|
|
| LEADER |
02267nam a2200613 a 4500 |
| 001 |
nkc20081825340 |
| 003 |
CZ PrNK |
| 005 |
20090114100815.0 |
| 007 |
ta |
| 008 |
081031s2008 xr ah e c 000 0dcze |
| 015 |
|
|
|a cnb001825340
|
| 020 |
|
|
|a 978-80-86239-16-3
|q (Pražská edice :
|q brož.)
|z 80-86239-160-0
|z 978-80-86239-163
|
| 035 |
|
|
|a (OCoLC)316299264
|
| 040 |
|
|
|a ABA001
|b cze
|d BOA001
|
| 041 |
1 |
|
|a cze
|a eng
|b eng
|h cze
|
| 043 |
|
|
|a e-xr---
|
| 045 |
|
|
|a x1x4
|
| 072 |
|
7 |
|a 76
|x Grafické umění. Grafika
|2 Konspekt
|9 21
|
| 080 |
|
|
|a 76(437.3)
|2 MRF
|
| 080 |
|
|
|a 766:655
|2 MRF
|
| 080 |
|
|
|a 655.2
|2 MRF
|
| 080 |
|
|
|a 172.15
|2 MRF
|
| 080 |
|
|
|a 7.04
|2 MRF
|
| 080 |
|
|
|a (437.3)
|2 MRF
|
| 080 |
|
|
|a (083.824)
|2 MRF
|
| 100 |
1 |
|
|a Preissig, Vojtěch,
|d 1873-1944
|7 jk01101031
|4 art
|
| 245 |
1 |
0 |
|a Vojtěch Preissig - Pro republiku! /
|c ed. Lucie Vlčková
|
| 246 |
3 |
0 |
|a Pro republiku!
|
| 260 |
|
|
|a Praha :
|b Pražská edice :
|b Uměleckoprůmyslové museum v Praze,
|c 2008
|
| 300 |
|
|
|a 157 s. :
|b il. (převážně barev.), faksim. ;
|c 21 cm
|
| 504 |
|
|
|a Obsahuje bibliografii a bibliografické odkazy
|
| 546 |
|
|
|a Část. souběžný anglický text, anglické resumé
|
| 600 |
1 |
7 |
|a Preissig, Vojtěch,
|d 1873-1944
|7 jk01101031
|2 czenas
|
| 648 |
|
4 |
|a 1916-1942
|
| 650 |
0 |
7 |
|a česká grafika
|7 ph128116
|y 20. stol.
|2 czenas
|
| 650 |
0 |
7 |
|a grafický design
|7 ph116550
|z Česko
|y 20. stol.
|2 czenas
|
| 650 |
0 |
7 |
|a typografie
|7 ph116511
|z Česko
|y 20. stol.
|2 czenas
|
| 650 |
0 |
7 |
|a vlastenectví
|7 ph127129
|2 czenas
|
| 650 |
0 |
7 |
|a nacionalismus
|7 ph123148
|2 czenas
|
| 650 |
0 |
7 |
|a umělecké náměty
|7 ph138227
|2 czenas
|
| 650 |
0 |
9 |
|a Czech prints
|y 20th century
|2 eczenas
|
| 650 |
0 |
9 |
|a graphic design
|z Czechia
|y 20th century
|2 eczenas
|
| 650 |
0 |
9 |
|a typography
|z Czechia
|y 20th century
|2 eczenas
|
| 650 |
0 |
9 |
|a patriotism
|2 eczenas
|
| 650 |
0 |
9 |
|a nationalism
|2 eczenas
|
| 650 |
0 |
9 |
|a artistic themes
|2 eczenas
|
| 655 |
|
7 |
|a katalogy výstav
|7 fd132536
|2 czenas
|
| 655 |
|
9 |
|a exhibition catalogs
|2 eczenas
|
| 700 |
1 |
|
|a Vlčková, Lucie,
|d 1975-
|7 xx0058649
|4 aut
|4 edt
|
| 910 |
2 |
|
|a BOA001
|b 2-1206.924
|
| 990 |
|
|
|a BK
|
| 995 |
|
|
|a 01
|
| 991 |
|
|
|b 200811
|c NOV
|
| 996 |
6 |
|
|b 2610358612
|c 2-1206.924
|l MZK
|r Sklad / do 1 hodiny
|n 14
|p p.v.
|w 000918378
|u 000010
|a 1
|e BOA001
|j MZK50
|s P
|